Fearless (Record no. 240651)
[ view plain ]
| 000 -LEADER | |
|---|---|
| fixed length control field | 01563nam a22002177a 4500 |
| 005 - DATE AND TIME OF LATEST TRANSACTION | |
| control field | 20251104163705.0 |
| 008 - FIXED-LENGTH DATA ELEMENTS--GENERAL INFORMATION | |
| fixed length control field | 251104b |||||||| |||| 00| 0 eng d |
| 020 ## - INTERNATIONAL STANDARD BOOK NUMBER | |
| International Standard Book Number | 9781398543454 |
| 040 ## - CATALOGING SOURCE | |
| Transcribing agency | AL |
| 041 ## - LANGUAGE CODE | |
| Language code of text/sound track or separate title | eng |
| 082 ## - DEWEY DECIMAL CLASSIFICATION NUMBER | |
| Classification number | 823.914 |
| Item number | ROBF |
| 100 ## - MAIN ENTRY--PERSONAL NAME | |
| Personal name | Lauren Roberts |
| 100 ## - MAIN ENTRY--PERSONAL NAME | |
| 9 (RLIN) | 243907 |
| 245 ## - TITLE STATEMENT | |
| Title | Fearless |
| 260 ## - PUBLICATION, DISTRIBUTION, ETC. | |
| Place of publication, distribution, etc. | London |
| Name of publisher, distributor, etc. | Simon and Schuster |
| Date of publication, distribution, etc. | 2025 |
| 300 ## - PHYSICAL DESCRIPTION | |
| Extent | 522p. |
| Other physical details | PB |
| Dimensions | 20x13cm |
| 365 ## - TRADE PRICE | |
| Source of price type code | English |
| Price type code | 4241 |
| Price amount | ₹479.20 |
| Currency code | ₹ |
| Unit of pricing | 599.00 |
| Price note | 20% |
| 520 ## - SUMMARY, ETC. | |
| Summary, etc. | OVER A MILLION COPIES SOLD. THE SIZZLING FINALE TO THE NO 1 BESTSELLING ROMANTASY PHENOMENON!<br/>Praise for Powerless:<br/>‘Nothing short of epic’ Rosie Talbot, bestselling author of Sixteen Souls<br/>‘A thrilling fantasy with the most delicious slow-burn romance’ M.A. Kuzniar, bestselling author of Midnight in Everwood<br/>‘[A] titillating debut’ Publishers Weekly<br/>‘A masterpiece’ Goodreads Reader Review<br/>‘Everyone needs to read it’ TikTok Review<br/>‘The BEST book I’ve read’ NetGalley Reader Review<br/>‘A sizzling slice of fantasy romance’ Booksellers Review<br/>Paedyn Gray and Kai Azer return to the Kingdom of Ilya...<br/>And Paedyn has a life-altering choice to make. Whatever she decides will determine her fate – and the fate of those around her – forever.<br/>In the ultimate battle of love and loyalty, who wins?<br/>Be swept away by the conclusion to the smash hit, dagger-to-the-throat romantasy trilogy.<br/>Follow Lauren Roberts on TikTok and Instagram @LaurenRobertsLibrary |
| 650 ## - SUBJECT ADDED ENTRY--TOPICAL TERM | |
| Topical term or geographic name entry element | English Fiction |
| 9 (RLIN) | 243714 |
| 650 ## - SUBJECT ADDED ENTRY--TOPICAL TERM | |
| Topical term or geographic name entry element | English Novel |
| 9 (RLIN) | 243908 |
| 942 ## - ADDED ENTRY ELEMENTS (KOHA) | |
| Source of classification or shelving scheme | Dewey Decimal Classification |
| Koha item type | Book |
| Withdrawn status | Lost status | Source of classification or shelving scheme | Damaged status | Not for loan | Collection code | Home library | Current library | Shelving location | Date acquired | Source of acquisition | Cost, normal purchase price | Total Checkouts | Total Renewals | Full call number | Barcode | Date last seen | Date last checked out | Cost, replacement price | Price effective from | Koha item type |
|---|---|---|---|---|---|---|---|---|---|---|---|---|---|---|---|---|---|---|---|---|
| Dewey Decimal Classification | English | St Aloysius Library | St Aloysius Library | Stack Section | 10/30/2025 | Biblios Book Point, Surathkal, Mangalore-575014 | 479.20 | 4 | 1 | 823.914 ROBF | 077976 | 04/02/2026 | 03/27/2026 | 599.00 | 10/25/2025 | Book |